| 000 | 00365nam a2200145Ia 4500 | ||
|---|---|---|---|
| 008 | 240624s9999 xx 000 0 und d | ||
| 041 | _aeng | ||
| 082 | _a338.5024658 TRU | ||
| 100 | _aTRUETT LILA J | ||
| 245 | _aMANAGERIAL ECONOMICS | ||
| 250 | _a(8th ed.) | ||
| 260 |
_c2008 _aNew York _bJohn Wiley and Sons |
||
| 300 | _a742 : p. : cm. ; 24 | ||
| 365 |
_c _b33.33 |
||
| 999 |
_c13365 _d13365 |
||